Rozhodující pro úspěch koučování není kouč
Koučovanie ako proces zmien, na realizácii ktorého sa podielaju dvaja rovnocenní partneri - kouč a koučovaný. Schopnosť využívať kouča k svojmu sebazdokonaleniu a osobnému rastu ako dôležitá manžérska kompetencia. Čo k tejto schopnosti patrí. Čo k tejto schopnosti nepatrí.
Saved in:
| Main Author: | |
|---|---|
| Format: | Book Chapter |
| Language: | Czech |
| Subjects: | |
| Tags: |
No Tags, Be the first to tag this record!
|
MARC
| LEADER | 00000naa$a2200000$$$4500 | ||
|---|---|---|---|
| 001 | 0068986 | ||
| 005 | 20231128135255.5 | ||
| 041 | 0 | |a cze | |
| 044 | |a CZ | ||
| 245 | 1 | 0 | |a Rozhodující pro úspěch koučování není kouč |c Pavel Náhlovský |
| 520 | |a Koučovanie ako proces zmien, na realizácii ktorého sa podielaju dvaja rovnocenní partneri - kouč a koučovaný. Schopnosť využívať kouča k svojmu sebazdokonaleniu a osobnému rastu ako dôležitá manžérska kompetencia. Čo k tejto schopnosti patrí. Čo k tejto schopnosti nepatrí. | ||
| 610 | 2 | 0 | |a koučovanie |
| 610 | 2 | 0 | |a manažéri |
| 610 | 2 | 0 | |a metódy riadenia |
| 610 | 2 | 0 | |a riadenie |
| 610 | 2 | 0 | |a kompetencie |
| 100 | 1 | |a Náhlovský, Pavel | |